[Event "IX Floripa Chess Open Fort Atacadista"]
[Site "Florianópolis - Santa Catari"]
[Date "2023.01.23"]
[Round "1.160"]
[White "Cruz, Natan Gomes"]
[Black "Vieira, Luiza Lessing"]
[Result "1-0"]
[WhiteElo "1891"]
[BlackElo "1231"]
[PlyCount "85"]
[EventDate "2023.01.23"]
[EventRounds "10"]
[EventCountry "BRA"]

1. d4 d5 2. c4 c6 3. Nf3 Nf6 4. Nc3 dxc4 5. a4 Bf5 6. e3 e6 7. Bxc4 Bb4 8. Bd2
Nbd7 9. h3 h6 10. Qe2 O-O 11. Rd1 Qc7 12. O-O Rfe8 13. Rfe1 Rad8 14. Rc1 Nb6
15. Bb3 Qe7 16. Ne5 Nbd7 17. Nf3 e5 18. Red1 exd4 19. Nxd4 Bg6 20. Bc2 Bxc2 21.
Nxc2 Ba5 22. Nd5 Nxd5 23. Bxa5 b6 24. Be1 Nc5 25. Nd4 Qb7 26. Qc2 Ne7 27. b4
Na6 28. Qb3 c5 29. bxc5 Rc8 30. cxb6 Qxb6 31. Qb5 Qxb5 32. axb5 Nc7 33. Bb4
Ned5 34. Bc5 Nb6 35. Nc6 Nxb5 36. Bxb6 axb6 37. Ne7+ Rxe7 38. Rxc8+ Kh7 39. Rb8
Re6 40. Rb1 Nc3 41. R1xb6 Re7 42. R8b7 Re5 43. Rxf7 1-0

[Event "IX Floripa Chess Open Fort Atacadista"]
[Site "Florianópolis - Santa Catari"]
[Date "2023.01.23"]
[Round "1.161"]
[White "Born, Ary"]
[Black "Passos, Rafael Moreira"]
[Result "0-1"]
[WhiteElo "1227"]
[BlackElo "1891"]
[PlyCount "64"]
[EventDate "2023.01.23"]
[EventRounds "10"]
[EventCountry "BRA"]

1. d4 Nf6 2. d5 g6 3. Bf4 Bg7 4. Nf3 O-O 5. Nbd2 Nxd5 6. Be5 Nf6 7. e4 d6 8.
Bc3 c5 9. Bd3 Nc6 10. h3 Rb8 11. Nb3 b5 12. Qe2 c4 13. e5 cxd3 14. Qxd3 Bf5 15.
Qd2 Ne4 16. Ba5 Nxd2 17. Bxd8 Nxf3+ 18. gxf3 Rfxd8 19. f4 dxe5 20. fxe5 Bxc2
21. f4 Bxb3 22. axb3 Rd3 23. Rc1 Nb4 24. Rc7 Rxb3 25. Rxe7 Rxb2 26. O-O a5 27.
h4 a4 28. f5 Nd5 29. Ra7 Ne3 30. Re1 Nxf5 31. e6 Bd4+ 32. Kf1 Ng3# 0-1

[Event "IX Floripa Chess Open Fort Atacadista"]
[Site "Florianópolis - Santa Catari"]
[Date "2023.01.23"]
[Round "1.162"]
[White "De Freitas, Isabella Ribeiro Co"]
[Black "Rahn, Marlon Cristiano"]
[Result "1-0"]
[WhiteElo "1886"]
[BlackElo "1226"]
[PlyCount "71"]
[EventDate "2023.01.23"]
[EventRounds "10"]
[EventCountry "BRA"]

1. c4 b6 2. Nf3 Bb7 3. Nc3 e6 4. d4 Bb4 5. g3 Nf6 6. Bg2 Bxc3+ 7. bxc3 d6 8.
O-O Nbd7 9. Re1 O-O 10. Qb3 c5 11. Bf4 Qc7 12. Rad1 Ne4 13. Qc2 Ndf6 14. Nd2 e5
15. Nxe4 exf4 16. Nxf6+ gxf6 17. Bxb7 Qxb7 18. Qf5 fxg3 19. hxg3 Qe7 20. dxc5
bxc5 21. Rd5 Rad8 22. Qg4+ Kh8 23. Rh5 Rg8 24. Qh4 Rg7 25. Kg2 Re8 26. e4 Qb7
27. Rd5 Re6 28. Qf4 Qb2 29. Re3 Rg6 30. Rxd6 Rxd6 31. Qxd6 Qxa2 32. Qf8+ Rg8
33. Qxf7 Rg7 34. Qf8+ Rg8 35. Qxf6+ Rg7 36. Rd3 1-0

[Event "IX Floripa Chess Open Fort Atacadista"]
[Site "Florianópolis - Santa Catari"]
[Date "2023.01.23"]
[Round "1.163"]
[White "Da Costa, Evelyn Maria Fuck"]
[Black "Kazuhiro Shikasho, Erik"]
[Result "0-1"]
[WhiteElo "1220"]
[BlackElo "1886"]
[PlyCount "62"]
[EventDate "2023.01.23"]
[EventRounds "10"]
[EventCountry "BRA"]

1. d4 Nf6 2. c4 g6 3. Nc3 Bg7 4. e4 d6 5. Bd3 Nc6 6. Nge2 e5 7. Bc2 O-O 8. h3
exd4 9. Nd5 Nxd5 10. cxd5 Nb4 11. Ba4 Qh4 12. Ng3 Na6 13. O-O Nc5 14. Re1 Bd7
15. Bxd7 Nxd7 16. Qb3 Nc5 17. Qf3 d3 18. Rb1 a5 19. Be3 Na4 20. Bc1 Rfe8 21.
Qxd3 Re7 22. Qc4 Nc5 23. b3 Rae8 24. Ba3 Nxe4 25. Nxe4 Rxe4 26. Rxe4 Qxe4 27.
Qxc7 Qxb1+ 28. Kh2 Be5+ 29. g3 Qxa2 30. Bxd6 Qxf2+ 31. Kh1 Bxd6 0-1

[Event "IX Floripa Chess Open Fort Atacadista"]
[Site "Florianópolis - Santa Catari"]
[Date "2023.01.23"]
[Round "1.164"]
[White "Medeiros, Thauane Ferreira"]
[Black "Amorim Filho, Robson Bezerra"]
[Result "1-0"]
[WhiteElo "1883"]
[BlackElo "1216"]
[PlyCount "39"]
[EventDate "2023.01.23"]
[EventRounds "10"]
[EventCountry "BRA"]

1. d4 Nf6 2. Bg5 g6 3. Bxf6 exf6 4. e3 Bg7 5. c4 c5 6. Nc3 a6 7. g3 cxd4 8.
Qxd4 O-O 9. Bg2 Nc6 10. Qd2 b6 11. Rd1 Qc7 12. Nge2 Rb8 13. O-O Ne5 14. b3 Bb7
15. Nd5 Qd6 16. Nec3 f5 17. e4 Ng4 18. exf5 Bh6 19. Qe2 gxf5 20. Ne7+ 1-0

[Event "IX Floripa Chess Open Fort Atacadista"]
[Site "Florianópolis - Santa Catari"]
[Date "2023.01.23"]
[Round "1.165"]
[White "De Carvalho, Amauri"]
[Black "Silva, Janderson Rossi Da"]
[Result "0-1"]
[WhiteElo "1211"]
[BlackElo "1883"]
[PlyCount "102"]
[EventDate "2023.01.23"]
[EventRounds "10"]
[EventCountry "BRA"]

1. Nf3 d5 2. g3 Nf6 3. Bg2 c5 4. O-O Nc6 5. d3 g6 6. Nbd2 Bg7 7. c3 O-O 8. e4
e5 9. Re1 Re8 10. Nb3 b6 11. Bg5 d4 12. Qd2 Ba6 13. c4 Qd6 14. h3 Rac8 15. Rac1
Nd7 16. Bh6 Bxh6 17. Qxh6 Nb4 18. Red1 Nxa2 19. Ra1 Nb4 20. Ng5 Nf8 21. h4 Rc7
22. Nh3 Bc8 23. f4 Bxh3 24. Bxh3 Nc2 25. Ra6 Nb4 26. Raa1 exf4 27. Qxf4 Qxf4
28. gxf4 Ne6 29. Bxe6 fxe6 30. Kg2 Rf8 31. Kg3 Rcf7 32. Rf1 Nxd3 33. f5 exf5
34. exf5 a5 35. Rf3 Ne5 36. Rf4 Nxc4 37. Raf1 Ne3 38. R1f3 Rxf5 39. Nd2 Rxf4
40. Rxf4 Rxf4 41. Kxf4 Kf7 42. Ne4 h6 43. Nd6+ Ke6 44. Ne4 Nd5+ 45. Kg3 c4 46.
Nd2 c3 47. bxc3 dxc3 48. Nb3 a4 49. Nc1 Ke5 50. Kf3 Kd4 51. Ke2 b5 0-1

[Event "IX Floripa Chess Open Fort Atacadista"]
[Site "Florianópolis - Santa Catari"]
[Date "2023.01.23"]
[Round "1.166"]
[White "Rosa, Gabriel Redon"]
[Black "Roeder, Larissa Taina"]
[Result "1-0"]
[WhiteElo "1883"]
[BlackElo "1209"]
[PlyCount "49"]
[EventDate "2023.01.23"]
[EventRounds "10"]
[EventCountry "BRA"]

1. e4 c5 2. Nf3 Nc6 3. d4 cxd4 4. Nxd4 e6 5. Nc3 Nf6 6. Nxc6 bxc6 7. e5 Ng8 8.
Bd3 Bc5 9. Qg4 g6 10. O-O Ne7 11. Bg5 d5 12. exd6 Bxd6 13. Bf6 h5 14. Qg5 Rh7
15. Ne4 Qc7 16. Nxd6+ Qxd6 17. Rad1 Qc7 18. Be5 Qb7 19. Bd6 f5 20. Rfe1 Nd5 21.
c4 Nb4 22. Bxf5 Rg7 23. Bxg6+ Rf7 24. Bxb4 Bd7 25. Qe7# 1-0

[Event "IX Floripa Chess Open Fort Atacadista"]
[Site "Florianópolis - Santa Catari"]
[Date "2023.01.23"]
[Round "1.167"]
[White "Favaretto, Felipe Della Preve"]
[Black "Marques, Eudes Pinto"]
[Result "0-1"]
[WhiteElo "1207"]
[BlackElo "1882"]
[PlyCount "78"]
[EventDate "2023.01.23"]
[EventRounds "10"]
[EventCountry "BRA"]

1. c4 e5 2. Nc3 Nf6 3. g3 Bc5 4. e3 d5 5. cxd5 Nxd5 6. Bg2 Nxc3 7. bxc3 O-O 8.
Qc2 Qe7 9. Ne2 c6 10. O-O Re8 11. c4 Bg4 12. d3 Nd7 13. Nc3 Nf6 14. h3 Be6 15.
Qe2 Qd7 16. Na4 Bf8 17. Kh2 Rad8 18. Nb2 Ba3 19. Rd1 Bxb2 20. Bxb2 Qc7 21. d4
exd4 22. Bxd4 Nd7 23. Qb2 f6 24. Bxa7 Bxc4 25. Qb4 b5 26. Bc5 Nxc5 27. Qxc5
Rxd1 28. Rxd1 Re5 29. Qxc6 Qxc6 30. Bxc6 Rc5 31. Rd8+ Kf7 32. Be8+ Ke7 33. Rb8
Kd6 34. a4 Kc7 35. Ra8 b4 36. Ra7+ Kb6 37. Rd7 b3 38. Rd2 Ka5 39. Rb2 Kb4 0-1

[Event "IX Floripa Chess Open Fort Atacadista"]
[Site "Florianópolis - Santa Catari"]
[Date "2023.01.23"]
[Round "1.168"]
[White "Souza, Atahander"]
[Black "Toffoli, Vanessa"]
[Result "1-0"]
[WhiteElo "1882"]
[BlackElo "1202"]
[PlyCount "113"]
[EventDate "2023.01.23"]
[EventRounds "10"]
[EventCountry "BRA"]

1. b3 Nf6 2. Bb2 e6 3. e3 g6 4. f4 Bg7 5. Nf3 Nc6 6. Be2 d5 7. O-O O-O 8. a3
Ne7 9. Qe1 c5 10. Kh1 Nc6 11. Bb5 a6 12. Bxc6 bxc6 13. Ne5 Qc7 14. Nc3 Nd7 15.
Nxd7 Bxd7 16. Qe2 Rab8 17. d3 Rfe8 18. e4 Bd4 19. Na4 Bxb2 20. Nxb2 Qd6 21. e5
Qe7 22. Qe3 f6 23. Rf3 Rf8 24. Raf1 fxe5 25. fxe5 Rxf3 26. Qxf3 Rf8 27. Qxf8+
Qxf8 28. Rxf8+ Kxf8 29. Na4 c4 30. bxc4 dxc4 31. d4 Be8 32. g4 g5 33. c3 Bg6
34. Nc5 Ke7 35. Kg2 a5 36. Kf3 Bc2 37. Kg3 Bb1 38. Nb7 a4 39. Na5 Ba2 40. Nxc6+
Kd7 41. Nb8+ Kc7 42. Na6+ Kb6 43. Nc5 Kc6 44. Nxe6 Kd5 45. Nxg5 Bb1 46. Kf4 Bg6
47. h4 h5 48. gxh5 Bxh5 49. Nh7 Ke6 50. Kg5 Bf7 51. h5 Bg8 52. Nf6 Kf7 53. h6
Kf8 54. Nxg8 Kf7 55. Nf6 Kf8 56. Kg6 Ke7 57. h7 1-0

[Event "IX Floripa Chess Open Fort Atacadista"]
[Site "Florianópolis - Santa Catari"]
[Date "2023.01.23"]
[Round "1.169"]
[White "De Fassio, Davi Dos Santos"]
[Black "Karoly, Carlos Acacio Gomes"]
[Result "0-1"]
[WhiteElo "1200"]
[BlackElo "1877"]
[PlyCount "106"]
[EventDate "2023.01.23"]
[EventRounds "10"]
[EventCountry "BRA"]

1. e4 c5 2. Nf3 Nc6 3. c3 d5 4. exd5 Qxd5 5. d4 cxd4 6. cxd4 Bg4 7. Nc3 Qa5 8.
Bb5 e6 9. Bxc6+ bxc6 10. O-O Nf6 11. Bd2 Be7 12. Qa4 Qxa4 13. Nxa4 Ne4 14. Bf4
Bxf3 15. gxf3 Nf6 16. Nc5 Nd5 17. Bg3 Bxc5 18. dxc5 O-O 19. Bd6 Rfd8 20. Kh1
Rd7 21. b3 a5 22. h4 Rb7 23. Rab1 Rb4 24. Bg3 f5 25. Rfc1 f4 26. Bh2 Rd8 27.
Re1 Kf7 28. Re4 a4 29. Rbe1 axb3 30. axb3 Rxb3 31. Rxe6 Rb1 32. R6e4 Rdb8 33.
Re5 Rxe1+ 34. Rxe1 Rb2 35. Kg2 Rc2 36. Re4 Rxc5 37. Bxf4 Nxf4+ 38. Rxf4+ Ke6
39. Re4+ Re5 40. Rd4 c5 41. Rd2 Rd5 42. Rc2 Kd6 43. f4 Rd4 44. Kg3 h5 45. Kf3
Kd5 46. Ke3 c4 47. Rc3 Rd1 48. Kf3 Kd4 49. Rxc4+ Kxc4 50. f5 Rd4 51. Kg3 Rg4+
52. Kf3 Kd4 53. f6 gxf6 0-1

[Event "IX Floripa Chess Open Fort Atacadista"]
[Site "Florianópolis - Santa Catari"]
[Date "2023.01.23"]
[Round "1.170"]
[White "Portes Junior, Dirceu Atanazio"]
[Black "Kim, Andre"]
[Result "1-0"]
[WhiteElo "1874"]
[BlackElo "1198"]
[PlyCount "43"]
[EventDate "2023.01.23"]
[EventRounds "10"]
[EventCountry "BRA"]

1. e4 e5 2. Nc3 Nc6 3. Bc4 Nf6 4. d3 d6 5. f4 g6 6. Nf3 Bg7 7. O-O Bd7 8. fxe5
dxe5 9. Bg5 Qc8 10. Nh4 Be6 11. Bxf6 Bxf6 12. Rxf6 Bxc4 13. dxc4 O-O 14. Rf2
Qe6 15. Nd5 Rad8 16. Qf3 Rc8 17. Qg3 Kh8 18. Raf1 Ne7 19. Rf6 Qd7 20. Rxf7 Rxf7
21. Rxf7 Re8 22. Qxe5+ 1-0

[Event "IX Floripa Chess Open Fort Atacadista"]
[Site "Florianópolis - Santa Catari"]
[Date "2023.01.23"]
[Round "1.171"]
[White "Jurado, Laura Alves"]
[Black "Martins De Aguiar, Marina"]
[Result "0-1"]
[WhiteElo "1186"]
[BlackElo "1873"]
[PlyCount "52"]
[EventDate "2023.01.23"]
[EventRounds "10"]
[EventCountry "BRA"]

1. d4 Nf6 2. Bf4 g6 3. Nc3 d5 4. Nf3 Bg7 5. Qd2 O-O 6. O-O-O Re8 7. Ne5 c6 8.
f3 b5 9. Bh6 Bh8 10. h4 b4 11. Nb1 Qa5 12. h5 Nfd7 13. hxg6 fxg6 14. Ng4 Qxa2
15. Qf4 b3 16. Bg5 Bg7 17. c3 Rf8 18. Qe3 Nf6 19. Nh6+ Bxh6 20. Bxh6 Bf5 21.
Qxe7 Qxb1+ 22. Kd2 Qxb2+ 23. Ke1 Qxc3+ 24. Kf2 Nbd7 25. Rc1 Qxd4+ 26. Be3 Qa4
0-1

[Event "IX Floripa Chess Open Fort Atacadista"]
[Site "Florianópolis - Santa Catari"]
[Date "2023.01.23"]
[Round "1.172"]
[White "Valcarcel, Victor Ignacio Dos "]
[Black "De Bortolo, Artur Mattos"]
[Result "1-0"]
[WhiteElo "1873"]
[BlackElo "1181"]
[PlyCount "47"]
[EventDate "2023.01.23"]
[EventRounds "10"]
[EventCountry "BRA"]

1. e4 e6 2. Nc3 d5 3. Nf3 Nf6 4. e5 Nfd7 5. d4 c5 6. dxc5 Nc6 7. Bf4 Bxc5 8.
Bd3 h6 9. O-O Qb6 10. h3 Qc7 11. Qe2 O-O 12. Nb5 Qb6 13. c4 dxc4 14. Bxc4 a6
15. Nc3 Na5 16. Bd3 Nc6 17. Qe4 g6 18. Bxh6 Re8 19. Qf4 Nd4 20. Ne4 Nxf3+ 21.
gxf3 Bf8 22. Bxf8 Rxf8 23. Qh6 Re8 24. Nf6+ 1-0

[Event "IX Floripa Chess Open Fort Atacadista"]
[Site "Florianópolis - Santa Catari"]
[Date "2023.01.23"]
[Round "1.174"]
[White "De Souza Monteiro, Marcos Paulo"]
[Black "Ramos, Rafael Cabreira"]
[Result "1-0"]
[WhiteElo "1869"]
[BlackElo "1161"]
[PlyCount "53"]
[EventDate "2023.01.23"]
[EventRounds "10"]
[EventCountry "BRA"]

1. d4 f5 2. g3 e6 3. c4 d5 4. Bg2 c6 5. Nf3 Nf6 6. Nc3 Be7 7. O-O O-O 8. b3 Bd7
9. Bb2 Be8 10. Qc2 Bh5 11. Ne5 Bd6 12. a3 Nbd7 13. cxd5 cxd5 14. Nb5 Bxe5 15.
dxe5 Ne4 16. Nd4 Qb6 17. Rac1 Rac8 18. Qxc8 Rxc8 19. Rxc8+ Kf7 20. Rfc1 Nec5
21. b4 Na4 22. Ba1 Nxe5 23. Nxf5 Nc6 24. b5 exf5 25. Bxd5+ Kg6 26. bxc6 Nc5 27.
cxb7 1-0

[Event "IX Floripa Chess Open Fort Atacadista"]
[Site "Florianópolis - Santa Catari"]
[Date "2023.01.23"]
[Round "1.175"]
[White "Poli, Maria Luiza De Oliv"]
[Black "Correa, Joao Pedro Vieira"]
[Result "0-1"]
[WhiteElo "1156"]
[BlackElo "1865"]
[PlyCount "74"]
[EventDate "2023.01.23"]
[EventRounds "10"]
[EventCountry "BRA"]

1. e4 c5 2. Nf3 a6 3. d4 cxd4 4. Nxd4 Nf6 5. Nc3 e5 6. Nf3 d6 7. Bc4 h6 8. Be3
Be6 9. Bb3 Nbd7 10. O-O Be7 11. Qd2 O-O 12. h3 b5 13. Bxe6 fxe6 14. a3 Rc8 15.
Rad1 Nb6 16. Rfe1 Nc4 17. Qc1 Qc7 18. Nd2 Nxa3 19. b3 Nxc2 20. Re2 Qxc3 21. Nf1
Nd4 22. Qxc3 Nxe2+ 23. Kh1 Nxc3 24. Re1 Ncxe4 25. Nh2 Nc5 26. b4 Nd3 27. Rb1
Rc4 28. Bd2 Ne4 29. Be3 Rxb4 30. Rf1 Nexf2+ 31. Kg1 Ne4 32. Nf3 d5 33. Rd1 Nec5
34. Bd2 Rc4 35. Kh2 e4 36. Ng1 Bd6+ 37. Kh1 Nf2# 0-1

[Event "IX Floripa Chess Open Fort Atacadista"]
[Site "Florianópolis - Santa Catari"]
[Date "2023.01.23"]
[Round "1.176"]
[White "Ribeiro, Fabiano Pinto"]
[Black "Da Silva, Miguel Michels"]
[Result "1-0"]
[WhiteElo "1865"]
[BlackElo "1156"]
[PlyCount "53"]
[EventDate "2023.01.23"]
[EventRounds "10"]
[EventCountry "BRA"]

1. e4 e5 2. Nf3 Nc6 3. Bc4 Bc5 4. O-O Nf6 5. d3 d6 6. c3 O-O 7. h3 h6 8. Re1
Be6 9. Bb5 a6 10. Ba4 b5 11. Bc2 Bb6 12. Nbd2 Re8 13. Nf1 Ne7 14. Ng3 c6 15. d4
exd4 16. cxd4 Bc7 17. Be3 Ng6 18. Qd2 Qe7 19. Nh2 Rad8 20. f4 Nf8 21. Nf3 Bc8
22. Bf2 N8d7 23. Nf5 Qf8 24. Bh4 Nb6 25. Nxh6+ gxh6 26. Bxf6 Rd7 27. Qf2 1-0

[Event "IX Floripa Chess Open Fort Atacadista"]
[Site "Florianópolis - Santa Catari"]
[Date "2023.01.23"]
[Round "1.177"]
[White "Navarro Canete, Facundo Javier"]
[Black "Calsing, Ado"]
[Result "0-1"]
[WhiteElo "1148"]
[BlackElo "1863"]
[PlyCount "74"]
[EventDate "2023.01.23"]
[EventRounds "10"]
[EventCountry "BRA"]

1. e4 c5 2. Nf3 e6 3. d4 cxd4 4. Nxd4 Nf6 5. Nc3 d6 6. Be3 a6 7. f3 b5 8. Qd2
Nbd7 9. O-O-O Nb6 10. g4 Nfd7 11. h4 Ne5 12. Qf2 Nbc4 13. Bxc4 Nxc4 14. f4 Bb7
15. b3 Nxe3 16. Qxe3 Be7 17. g5 Rc8 18. Rhe1 Qa5 19. Kb2 d5 20. Rd3 dxe4 21.
Nxe4 O-O 22. Red1 Ba8 23. h5 Qc7 24. h6 g6 25. Rc3 Qb7 26. Rxc8 Rxc8 27. Nf6+
Bxf6 28. gxf6 Kf8 29. Qe5 Qd7 30. Rd2 Bd5 31. Nf3 Qc6 32. Ng5 Kg8 33. Nh3 b4
34. Kb1 Be4 35. Qd4 Bxc2+ 36. Ka1 Bd3 37. Qb2 Qc1+ 0-1

[Event "IX Floripa Chess Open Fort Atacadista"]
[Site "Florianópolis - Santa Catari"]
[Date "2023.01.23"]
[Round "1.178"]
[White "Barbosa, Flavio Novais"]
[Black "Altenhofen, Guilherme Graneto"]
[Result "1-0"]
[WhiteElo "1863"]
[BlackElo "1146"]
[PlyCount "107"]
[EventDate "2023.01.23"]
[EventRounds "10"]
[EventCountry "BRA"]

1. c4 e6 2. Nc3 Nf6 3. Nf3 Be7 4. g3 d5 5. d4 Nbd7 6. Bg2 c6 7. b3 b6 8. cxd5
Nxd5 9. Nxd5 cxd5 10. O-O O-O 11. Qd3 Bb7 12. Bb2 Nf6 13. Rac1 Rc8 14. Ne5 Qd6
15. Rfd1 Rfd8 16. Qf3 h6 17. h4 Rxc1 18. Rxc1 Rf8 19. Qd3 Ne4 20. a3 Rc8 21.
Rxc8+ Bxc8 22. Bxe4 dxe4 23. Qxe4 Bf6 24. Qc6 Qxc6 25. Nxc6 a6 26. f3 Bb7 27.
Ne5 Bxe5 28. dxe5 Kf8 29. Bd4 b5 30. Kf2 g6 31. Ke3 a5 32. Bc5+ Kg7 33. g4 a4
34. b4 h5 35. gxh5 gxh5 36. Kf4 Kg6 37. e4 Bc6 38. Be7 Bd7 39. Ke3 Bc6 40. Kd4
Bd7 41. Kc5 Be8 42. Kd6 Kh7 43. f4 Kg6 44. Bf6 Kh7 45. Ke7 Bc6 46. Kxf7 Bxe4
47. Kxe6 Kg6 48. Bg5 Bd3 49. Kd7 Bf5+ 50. Kc6 Bd3 51. e6 Bc4 52. e7 Kf7 53. Kd7
Be6+ 54. Kd8 1-0

[Event "IX Floripa Chess Open Fort Atacadista"]
[Site "Florianópolis - Santa Catari"]
[Date "2023.01.23"]
[Round "1.179"]
[White "Ramos, Fernanda Cabreira"]
[Black "Trombini, Fabio"]
[Result "0-1"]
[WhiteElo "1136"]
[BlackElo "1861"]
[PlyCount "80"]
[EventDate "2023.01.23"]
[EventRounds "10"]
[EventCountry "BRA"]

1. d4 d5 2. Nf3 Nf6 3. g3 e6 4. Bg2 c5 5. c3 Nc6 6. O-O Be7 7. b3 O-O 8. Bb2
Qb6 9. Qc2 cxd4 10. cxd4 Bd7 11. Nbd2 Rfc8 12. Qd1 a5 13. a4 Rc7 14. e3 Rac8
15. Qe2 Nb4 16. Ba3 Rc2 17. Rfc1 Ne4 18. Qd1 Rxc1 19. Rxc1 Rxc1 20. Bxc1 Nxd2
21. Bxd2 Qc7 22. Ne5 Be8 23. Bf1 f6 24. Nd3 Nxd3 25. Bxd3 b6 26. Qb1 h6 27. Qd1
Ba3 28. Bb1 e5 29. Qg4 Bc1 30. Qd1 Ba3 31. dxe5 fxe5 32. Be1 Bf7 33. Qc2 Qxc2
34. Bxc2 Bc5 35. Bc3 d4 36. Bd2 Bd5 37. e4 Be6 38. f4 d3+ 39. Kf1 dxc2 40. f5
Bxb3 0-1

[Event "IX Floripa Chess Open Fort Atacadista"]
[Site "Florianópolis - Santa Catari"]
[Date "2023.01.23"]
[Round "1.180"]
[White "Bitencourt, Evandro Jose Dos S"]
[Black "Dos Santos, Gabriel Conte"]
[Result "1-0"]
[WhiteElo "1859"]
[BlackElo "1136"]
[PlyCount "59"]
[EventDate "2023.01.23"]
[EventRounds "10"]
[EventCountry "BRA"]

1. d4 d5 2. c4 e6 3. Nf3 Nf6 4. g3 Bd6 5. Bg2 Nbd7 6. O-O b6 7. Nbd2 Bb7 8. b3
O-O 9. Bb2 c5 10. cxd5 exd5 11. Re1 Rc8 12. Rc1 Rb8 13. Nb1 cxd4 14. Nxd4 Be5
15. Nd2 Rc8 16. N2f3 Rxc1 17. Qxc1 Bxd4 18. Nxd4 Qc8 19. Qxc8 Rxc8 20. Rc1
Rxc1+ 21. Bxc1 Ne4 22. Bb2 Ne5 23. Nb5 Ba6 24. Nc7 Bxe2 25. Bxe5 f6 26. Bxe4
dxe4 27. Bd4 Kf7 28. Nd5 Ke6 29. Nf4+ Kf5 30. Nxe2 1-0

[Event "IX Floripa Chess Open Fort Atacadista"]
[Site "Florianópolis - Santa Catari"]
[Date "2023.01.23"]
[Round "1.181"]
[White "Solaeche G., Axel Jose"]
[Black "Weise, William Ferreira"]
[Result "1-0"]
[WhiteElo "1106"]
[BlackElo "1856"]
[PlyCount "105"]
[EventDate "2023.01.23"]
[EventRounds "10"]
[EventCountry "BRA"]

1. Nf3 e6 2. c4 Nf6 3. e3 b6 4. d4 Bb7 5. Nc3 Be7 6. Bd2 O-O 7. Be2 d6 8. h3
Nbd7 9. Qc2 c5 10. dxc5 Nxc5 11. O-O Rc8 12. Rac1 Nce4 13. Nxe4 Bxe4 14. Qb3 d5
15. cxd5 Rxc1 16. Rxc1 Bxd5 17. Qc2 Be4 18. Qc3 Qd7 19. Qd4 Qb7 20. Bc3 Rd8 21.
Qa4 Bc6 22. Qc2 Ne4 23. Bd4 Bd5 24. a3 f6 25. Qc7 Rd7 26. Qxb7 Bxb7 27. Bb5 Rd5
28. Bc4 Rd6 29. Bb3 Bc6 30. Bc3 Nxc3 31. Rxc3 Bd5 32. Bxd5 Rxd5 33. Rc8+ Rd8
34. Rxd8+ Bxd8 35. Nd4 Kf7 36. Nc6 Ke8 37. Nxa7 Kd7 38. Nb5 Kc6 39. Nd4+ Kd5
40. f4 e5 41. fxe5 fxe5 42. Nf3 Bf6 43. Nd2 e4 44. b3 Bb2 45. Nc4 Bc1 46. Nxb6+
Kc5 47. Nc4 g5 48. Kf2 h5 49. Ke2 g4 50. h4 g3 51. Kd1 Bxa3 52. Nxa3 Kb4 53.
Kc2 1-0

[Event "IX Floripa Chess Open Fort Atacadista"]
[Site "Florianópolis - Santa Catari"]
[Date "2023.01.23"]
[Round "1.183"]
[White "Coutinho, Lucas Buss Soares"]
[Black "Pimenta, Elisandro Da Silva"]
[Result "0-1"]
[WhiteElo "1099"]
[BlackElo "1855"]
[PlyCount "60"]
[EventDate "2023.01.23"]
[EventRounds "10"]
[EventCountry "BRA"]

1. e4 d5 2. exd5 Qxd5 3. Nc3 Qa5 4. d4 c6 5. Nf3 Bg4 6. h3 Bh5 7. Be2 Nf6 8.
O-O e6 9. a3 Nbd7 10. Bf4 Be7 11. b4 Qd8 12. Na4 O-O 13. c4 a6 14. Nc3 Nb6 15.
Ne5 Bxe2 16. Nxe2 Nfd7 17. Rc1 Nxe5 18. Bxe5 Bf6 19. Bf4 Re8 20. c5 Nd5 21. Bg3
a5 22. Nc3 axb4 23. Nxd5 Qxd5 24. axb4 Bxd4 25. Qg4 e5 26. Rfd1 Ra3 27. Bxe5
Bxf2+ 28. Kxf2 Qxe5 29. Re1 Re3 30. Qd1 Rxe1 0-1

[Event "IX Floripa Chess Open Fort Atacadista"]
[Site "Florianópolis - Santa Catari"]
[Date "2023.01.23"]
[Round "1.184"]
[White "Moritz, Diego Homrich"]
[Black "Solanho, Henrique Sulzbach"]
[Result "1-0"]
[WhiteElo "1854"]
[BlackElo "1098"]
[PlyCount "55"]
[EventDate "2023.01.23"]
[EventRounds "10"]
[EventCountry "BRA"]

1. d4 Nf6 2. Nf3 e6 3. e3 c5 4. Bd3 d5 5. b3 cxd4 6. exd4 Bb4+ 7. Bd2 Nc6 8. a3
Qa5 9. c3 Be7 10. Qe2 O-O 11. O-O Qb6 12. b4 a5 13. b5 Na7 14. a4 Bd7 15. Ne5
Nc8 16. Bg5 Qc7 17. Rc1 Nd6 18. Nd2 Rfe8 19. h4 Nf5 20. g4 h6 21. Bxf6 gxf6 22.
Nxd7 Nxd4 23. cxd4 Qxd7 24. Rc2 e5 25. Bf5 Qd8 26. Rac1 Qb6 27. Qe3 exd4 28.
Qxh6 1-0

[Event "IX Floripa Chess Open Fort Atacadista"]
[Site "Florianópolis - Santa Catari"]
[Date "2023.01.23"]
[Round "1.185"]
[White "Bisconsin, Raul"]
[Black "Moyses Sobrinho, Elias"]
[Result "0-1"]
[WhiteElo "1092"]
[BlackElo "1852"]
[PlyCount "64"]
[EventDate "2023.01.23"]
[EventRounds "10"]
[EventCountry "BRA"]

1. e4 Nf6 2. Nc3 d5 3. e5 Nfd7 4. d4 e6 5. a3 c5 6. Nf3 cxd4 7. Nxd4 Nxe5 8.
Bf4 Ng6 9. Bg3 Bd6 10. Nde2 O-O 11. f4 Nc6 12. Nb5 Bb8 13. Qd2 a6 14. Nbd4 Ba7
15. O-O-O Qf6 16. c3 Na5 17. Kc2 Nc4 18. Qd3 b5 19. Nf3 Ne3+ 20. Kd2 Nxd1 21.
Kxd1 Qf5 22. Qxf5 exf5 23. Ned4 Be6 24. Bd3 Rfe8 25. Nxf5 Bxf5 26. Bxf5 Rad8
27. h4 d4 28. cxd4 Bxd4 29. h5 Ne7 30. Be4 Nd5 31. Bf5 Ne3+ 32. Kd2 Nxf5 0-1

[Event "IX Floripa Chess Open Fort Atacadista"]
[Site "Florianópolis - Santa Catari"]
[Date "2023.01.23"]
[Round "1.186"]
[White "Felix, Raimundo Nascimento"]
[Black "Weba Filho, Emilio Cesar"]
[Result "1-0"]
[WhiteElo "1848"]
[BlackElo "1081"]
[PlyCount "68"]
[EventDate "2023.01.23"]
[EventRounds "10"]
[EventCountry "BRA"]

1. e4 e5 2. Nf3 Nc6 3. Bb5 Nf6 4. d3 Bc5 5. Bxc6 bxc6 6. Nxe5 Qe7 7. Nf3 d5 8.
e5 Ng4 9. O-O O-O 10. d4 Bb6 11. h3 Nh6 12. c3 c5 13. Nbd2 cxd4 14. cxd4 Nf5
15. Nb3 c5 16. dxc5 Bxc5 17. Qxd5 Ba6 18. Qxc5 Qxc5 19. Nxc5 Bxf1 20. Kxf1 Rac8
21. b4 Rfe8 22. Ke2 a5 23. a3 Nd4+ 24. Nxd4 Rxe5+ 25. Be3 Rd5 26. f4 axb4 27.
axb4 Rb8 28. g4 g6 29. Ra4 h5 30. Nd3 Rd6 31. Nf3 Rc8 32. Bc5 Rd5 33. Ra6 Rc7
34. Bd6 Rc8 1-0

[Event "IX Floripa Chess Open Fort Atacadista"]
[Site "Florianópolis - Santa Catari"]
[Date "2023.01.23"]
[Round "1.187"]
[White "Telles, Arnoldo Beber"]
[Black "Ferreira, Gabriel Duque"]
[Result "0-1"]
[WhiteElo "1060"]
[BlackElo "1848"]
[PlyCount "100"]
[EventDate "2023.01.23"]
[EventRounds "10"]
[EventCountry "BRA"]

1. d4 Nf6 2. c4 g6 3. Nc3 Bg7 4. Nf3 O-O 5. e3 c5 6. Be2 cxd4 7. Nxd4 Nc6 8.
Nxc6 bxc6 9. O-O Rb8 10. Rb1 d5 11. b3 Bf5 12. Bd3 dxc4 13. bxc4 Qxd3 14. Rxb8
Rxb8 15. Qxd3 Bxd3 16. Rd1 Bxc4 17. e4 Kf8 18. Bf4 Rc8 19. h3 Ke8 20. e5 Nd5
21. Nxd5 cxd5 22. a3 Rb8 23. e6 Rb3 24. exf7+ Kxf7 25. Bc1 e5 26. Re1 Rb1 27.
Bd2 Rxe1+ 28. Bxe1 e4 29. Bb4 d4 30. Bc5 a6 31. g4 d3 32. Be3 Bc3 33. Kg2 d2
34. Bxd2 Bxd2 35. Kg3 Bc1 36. a4 a5 37. g5 Bb3 38. Kg2 Bxa4 39. Kf1 Bc2 40. Ke2
a4 41. h4 a3 42. f3 a2 43. fxe4 a1=Q 44. e5 Qxe5+ 45. Kf2 Qe3+ 46. Kf1 Qd2 47.
Kg1 Bb2 48. Kf1 Bd3+ 49. Kg1 Bd4+ 50. Kh1 Be4# 0-1